Youth Aspirations and the Reality of Jobs in Developing Countries Mind the Gap

Salvato in:
Dettagli Bibliografici
Natura: Libro
Lingua:inglese
Pubblicazione: Paris OECD 2017
Serie:Development Centre Studies
Soggetti:
Tags: Aggiungi Tag
Nessun Tag, puoi essere il primo ad aggiungerne!!

MARC

LEADER 00000nam a2200000 4500
001 0242449
005 20240314123615.9
020 |a 978-92-64-28565-1 
041 0 |a eng 
044 |a FR 
245 1 0 |a Youth Aspirations and the Reality of Jobs in Developing Countries  |b Mind the Gap 
264 1 |a Paris  |b OECD  |c 2017 
300 |a 84 s. 
490 1 |a Development Centre Studies 
830 0 |a Development Centre Studies 
610 2 0 |a krajiny rozvojové 
610 2 0 |a mládež 
610 2 0 |a trh práce 
610 2 0 |a kariéra 
610 2 0 |a miesta pracovné 
610 2 0 |a kvalita 
610 2 0 |a zamestnanosť 
610 2 0 |a podmienky pracovné 
610 2 0 |a analýza štatistická 
610 2 0 |a porovnanie štatistické medzinárodné